<The> World atlas index
Salvato in:
| Natura: | Libro |
|---|---|
| Lingua: | inglese spagnolo |
| Pubblicazione: |
Moscow
Chief Administration of Geodesy and Cartography
1968
|
| Edizione: | 2. ed. |
| Tags: |
Nessun Tag, puoi essere il primo ad aggiungerne!!
|
MARC
| LEADER | 00000nam a2200000 4500 | ||
|---|---|---|---|
| 001 | c121423 | ||
| 005 | 20180827102321.1 | ||
| 041 | 0 | |a eng | |
| 041 | 0 | |a spa | |
| 044 | |a RU | ||
| 245 | 1 | 0 | |a <The> World atlas |b index |
| 250 | |a 2. ed. | ||
| 264 | 1 | |a Moscow |b Chief Administration of Geodesy and Cartography |c 1968 | |
| 300 | |a 1021 s. | ||